Fluorocarbon rubber paints: Boon for industry (Record no. 59486)

MARC details
000 -LEADER
fixed length control field 00313nam a2200121Ia 4500
100 ## - MAIN ENTRY--AUTHOR NAME
Personal name Chakraborty S K
245 #0 - TITLE STATEMENT
Title Fluorocarbon rubber paints: Boon for industry
260 ## - PUBLICATION, DISTRIBUTION, ETC. (IMPRINT)
Name of publisher Rubber India
Year of publication 2006
300 ## - PHYSICAL DESCRIPTION
Number of Pages 35-37
650 ## - SUBJECT ADDED ENTRY--TOPICAL TERM
Topical Term Fluorocarbon paint
942 ## - ADDED ENTRY ELEMENTS (KOHA)
Koha item type Journals
Holdings
Withdrawn status Lost status Damaged status Not for loan Home library Current library Shelving location Date acquired Serial Enumeration / chronology Koha item type
      Journals RRII Library RRII Library Rubber chemistry 01/01/2021 Volume LVIII, Issue 10 Journals